| 000 | 00565nam a22001817a 4500 | ||
|---|---|---|---|
| 005 | 20251108171749.0 | ||
| 008 | 250721s1983 xx 000 0 ara d | ||
| 082 | 1 | 4 | _a189.5/محا |
| 100 | 1 | _aالمحاسبي، أبو عبد الله الحارث بن أسد | |
| 245 | 1 | 0 | _aرسالة المستشردين / |
| 250 | _aط5 .، مزيدة | ||
| 264 | 1 |
_aحلب : _bمكتب المطبوعات الإسلامية، _c1983. |
|
| 300 | _a219ص | ||
| 650 | 1 | 7 | _aالفلسفة الإسلامية |
| 650 | 1 | 7 | _aالتصوف |
| 942 |
_2ddc _cBK |
||
| 999 |
_c61922 _d61922 |
||